Statistiques concernant Les jeux vidéos les plus vendus de la Game Boy Advance

Cliquez ici pour prendre le quiz!

Statistiques générales

  • Ce quiz a été pris 107 fois
  • Le résultat moyen est 4 sur 15

Statistiques - réponses

Nombres d'exemplaires vendusNoms des jeux les plus vendus% Correct
16,22 millionsPokémon Rubis et Saphir
84%
6,41 millionsPokémon Emeraude
66%
12,00 millionsPokémon Rouge Feu et Vert Feuille
57%
5,91 millionsMario Kart: Super Circuit
40%
5,20 millionsSuper Mario Bros. 3: Super Mario Advance 4
25%
5,69 millionsSuper Mario World: Super Mario Advance 2
25%
2,91 millionsYoshi's Island: Super Mario Advance 3
21%
5,49 millionsSuper Mario Advance
20%
2,24 millionsSonic Advance
13%
2,26 millionsWario Land 4
13%
2,70 millionsThe Legend of Zelda: A Link to the Past and four swords
5%
4,24 millionsNamco Museum
4%
2,94 millionsPac-Man Collection
4%
2,39 millionsFrogger's Adventures : Temple of the Frog
1%
2,27 millionsKirby: Nightmare in Dream Land
1%

Distribution des résultats

Percentile par nombre de réponses

% des personnes avec chaque résultat

Votre développement - résultats

Vous n’avez pas pris ce quiz